|
|
|
|
| LEADER |
00000cam a2200000 7i4500 |
| 001 |
0000002453 |
| 005 |
20151222.0 |
| 008 |
070712 |
| 020 |
|
|
|a 9832623316(set)
|
| 020 |
|
|
|a 9832623391
|
| 090 |
0 |
0 |
|a JF
|b ENG
|
| 245 |
1 |
4 |
|a The adventures of Prince Camaralzaman and the Princess Badoura
|c Retold by SMSI
|
| 260 |
|
|
|a Kuala Lumpur :
|b Pustaka Segar ,
|c 2004
|
| 440 |
|
|
|a The world famous folk tales omnibus
|
| 500 |
|
|
|a Children ages 10-12 years old (pink)
|
| 650 |
|
0 |
|a Classic tales
|
| 650 |
|
0 |
|a Junior fiction
|x English
|x Languages
|
| 999 |
|
|
|a 0000004476
|b Book
|c Children Collection
|e Cawangan Taman Universiti
|
| 999 |
|
|
|a 0000004478
|b Book
|c Children Collection
|e Cawangan Taman Universiti
|
| 999 |
|
|
|a 0000004479
|b Book
|c Children Collection
|e Cawangan Taman Universiti
|
| 999 |
|
|
|a 0000931645
|b Book
|c Children Collection
|e Cawangan Tangkak
|
| 999 |
|
|
|a 0000931646
|b Book
|c Children Collection
|e Cawangan Tangkak
|
| 999 |
|
|
|a 0000931647
|b Book
|c Children Collection
|e Cawangan Tangkak
|
| 999 |
|
|
|a 0000967076
|b Book
|c Children Collection
|e Cawangan Tmn. Ungku Tun Aminah
|
| 999 |
|
|
|a 0000967077
|b Book
|c Children Collection
|e Cawangan Batu Pahat
|
| 999 |
|
|
|a 0000967078
|b Book
|c Children Collection
|e Cawangan Muar
|
| 999 |
|
|
|a 0000974849
|b Book
|c Children Collection
|e Cawangan Tmn. Ungku Tun Aminah
|
| 999 |
|
|
|a 0000974850
|b Book
|c Children Collection
|e Cawangan Bandar Tenggara
|